| 000 | 00598nam a2200193Ia 4500 | ||
|---|---|---|---|
| 003 | IN-BaIIA | ||
| 008 | 211028s9999 xx 000 0 eng d | ||
| 040 | _cIIA Library | ||
| 080 |
_a621.3.07 _bGOT |
||
| 100 |
_aGottlieb, M. Irving _915769 |
||
| 245 | 0 |
_aPower supplies switching regulatorsiInverters & converters _c M. Irving Gottlieb |
|
| 260 |
_aDelhi _bBPB Publications _c1985 |
||
| 300 | _ax, 437p. | ||
| 650 | _aNASA Thesaurus | ||
| 650 |
_aPower Supplies _92877 |
||
| 650 |
_aRegulators _915770 |
||
| 650 |
_aSwitching circuits _96263 |
||
| 942 | _cBK | ||
| 999 |
_c9355 _d9355 |
||